| 000 | 00757nam a2200241Ia 4500 | ||
|---|---|---|---|
| 003 | OSt | ||
| 005 | 20220118144647.0 | ||
| 008 | 210716s2017 xx 000 0 und d | ||
| 020 | _a97893514258077 | ||
| 040 | _cAIMIT LIBRARY | ||
| 041 | _aeng | ||
| 082 |
_a332.12 _21 _bPRAK |
||
| 100 |
_aPrasad, K Nirmala; Chandradass, J. _913557 |
||
| 245 |
_aBanking: _btheory law and practice / _cby K.Nirmala Prasad and J. Chandradass. |
||
| 250 | _a1st. ed. - | ||
| 260 |
_aNew Delhi: _bHimalaya Publishing House, _c2017. |
||
| 300 | _avii,262p. ;21.5cm | ||
| 650 |
_aOrigin and Kinds of Bank _913562 |
||
| 650 |
_aElectronic Banking _913563 |
||
| 650 |
_aBanker and Customer _913564 |
||
| 700 |
_aChandradass, J. _913558 |
||
| 942 |
_2ddc _cBK _e1st _k332.12 PRAK |
||
| 999 |
_c210892 _d210892 |
||